00301nam a2200109Ia 4500008004100000041000800041082002800049100003400077245003400111260003700145300000900182230411s9999 xx 000 0 und d aeng aAD/610.7/SAN/SIN/B07286 aSankaranarayanan B & Sindhu B aLearning and Teaching Nursing bJaypee BrothersaNew Delhic2012 a262p